[Event "4NCL 2017-18"]
[Site "England ENG"]
[Date "2018.05.05"]
[Round "9.76"]
[White "Webb, Laurence E"]
[Black "Klingher, Dominic"]
[Result "1-0"]
[WhiteTitle "FM"]
[WhiteElo "2281"]
[BlackElo "2153"]
[WhiteTeam "Blackthorne Russia"]
[BlackTeam "Barbican 4NCL"]
[WhiteFideId "402389"]
[BlackFideId "428850"]
[EventDate "2017.11.11"]

1. d4 Nf6 2. c4 g6 3. Nc3 Bg7 4. e4 d6 5. Nf3 O-O 6. Be2 e5 7. O-O Nc6 8. d5 Ne7
9. b4 Ne8 10. c5 f5 11. Ng5 h6 12. Ne6 Bxe6 13. dxe6 fxe4 14. cxd6 cxd6 15. Nxe4
b6 16. b5 d5 17. Ba3 Nc7 18. Rc1 Nxe6 19. Bxe7 Qxe7 20. Qxd5 Rad8 21. Qb3 Kh7
22. Qe3 Rd4 23. g3 Qb4 24. Bd3 Rfd8 25. Bb1 Qxb5 26. h4 Kh8 27. Qf3 Rf8 28. Qg4
Qe8 29. Qe2 Rd7 30. Kg2 Qf7 31. Qe3 Nd4 32. Nc3 Qe6 33. Qe4 Rd6 34. h5 Qf6 35.
hxg6 Nf3 36. Qg4 Rd4 37. Ne4 Qd8 38. Qe6 Qa8 39. Qc6 Qd8 40. Qb7 Rd7 41. Qc6 Nd4
42. Qa4 b5 43. Qa6 Rc7 44. Rxc7 Qxc7 45. Nd6 Rf6 46. Qc8+ Qxc8 47. Nxc8 Bf8 48.
Rc1 a5 49. Rc7 Ne6 50. Rh7+ Kg8 51. Ne7+ Bxe7 52. Rxe7 a4 53. Be4 Kf8 54. Rb7 h5
55. Rxb5 h4 56. Rxe5 hxg3 57. fxg3 Nc7 58. Rc5 Re6 59. Kf3 Ne8 60. Ra5 Rf6+ 61.
Ke3 Nd6 62. Ra8+ Kg7 63. Ra7+ Kh6 64. Rh7+ Kg5 65. g7 1-0

[Event "4NCL 2017-18"]
[Site "England ENG"]
[Date "2018.05.05"]
[Round "9.77"]
[White "Russell, Christopher"]
[Black "Eames, Robert S"]
[Result "1/2-1/2"]
[BlackTitle "FM"]
[WhiteElo "2149"]
[BlackElo "2173"]
[WhiteTeam "Barbican 4NCL"]
[BlackTeam "Blackthorne Russia"]
[WhiteFideId "413569"]
[BlackFideId "408743"]
[EventDate "2017.11.11"]

1. e4 d6 2. d4 Nf6 3. Nc3 g6 4. f4 Bg7 5. Nf3 O-O 6. Bd3 Nc6 7. e5 dxe5 8. fxe5
Ng4 9. h3 Nh6 10. Be3 Nf5 11. Bxf5 Bxf5 12. g4 Bc8 13. Qe2 Nb4 14. Bf2 b5 15.
O-O-O c6 16. Kb1 Be6 17. Ng5 Bc4 18. Qd2 f6 19. exf6 exf6 20. Nge4 Nxa2 21. Nxa2
Bxa2+ 22. Kxa2 Qd5+ 23. Kb1 Qxe4 24. Rhe1 Qd5 25. Re7 a5 26. Rde1 a4 27. Qf4
Rac8 28. h4 Rf7 29. Re8+ 1/2-1/2

[Event "4NCL 2017-18"]
[Site "England ENG"]
[Date "2018.05.05"]
[Round "9.78"]
[White "Ledger, Stephen C"]
[Black "Regan, Natasha K"]
[Result "1-0"]
[BlackTitle "WIM"]
[WhiteElo "2013"]
[BlackElo "1950"]
[WhiteTeam "Blackthorne Russia"]
[BlackTeam "Barbican 4NCL"]
[WhiteFideId "404470"]
[BlackFideId "403067"]
[EventDate "2017.11.11"]

1. d4 f5 2. g3 Nf6 3. Bg2 g6 4. Nf3 Bg7 5. O-O O-O 6. c4 d6 7. Nc3 Qe8 8. Re1 h6
9. b3 g5 10. Bb2 f4 11. e3 fxg3 12. fxg3 Qh5 13. Qd2 Bh3 14. Rf1 Nc6 15. Rae1
Bxg2 16. Qxg2 Nb4 17. Re2 Rf7 18. a3 Nc6 19. d5 Ne5 20. Nxe5 dxe5 21. Nb5 c6 22.
Nc7 Rc8 23. Ne6 cxd5 24. Bxe5 dxc4 25. Nxg7 Kxg7 26. Rc2 b5 27. Qb7 Qg4 28. Qxb5
Qe4 29. Rxc4 Qxe3+ 30. Kg2 Rd8 31. Bxf6+ exf6 32. Rf2 Rd3 33. Qf5 Rxb3 34. Rc7
Qb6 35. Rxf7+ Kxf7 36. Qh7+ Ke6 37. Qf5+ Ke7 38. Qh7+ Ke6 39. Qg8+ Ke7 40. Qg7+
Ke8 41. Qg8+ Ke7 42. Qg7+ Ke8 43. Rxf6 Qb7+ 44. Qxb7 Rxb7 45. Rxh6 Rg7 46. Kf3
Kd8 47. Kg4 Kc7 48. Rh5 Rd7 49. Rxg5 Rd3 50. h4 Rxa3 51. h5 Ra4+ 52. Kf5 a5 53.
h6 Ra1 54. h7 Rh1 55. Kg6 a4 56. Rh5 1-0

[Event "4NCL 2017-18"]
[Site "England ENG"]
[Date "2018.05.05"]
[Round "9.81"]
[White "Pigott, John C"]
[Black "Rudd, Jack"]
[Result "1-0"]
[WhiteTitle "IM"]
[BlackTitle "IM"]
[WhiteElo "2400"]
[BlackElo "2273"]
[WhiteTeam "The ADs"]
[BlackTeam "West is Best"]
[WhiteFideId "400459"]
[BlackFideId "405736"]
[EventDate "2017.11.11"]

1. c4 Nf6 2. Nc3 g6 3. e4 d6 4. d4 Bg7 5. f3 O-O 6. Be3 e5 7. d5 Nh5 8. Qd2 f5
9. O-O-O f4 10. Bf2 Nd7 11. Kb1 a6 12. Nge2 Rf7 13. Nc1 Bf8 14. Be2 Kh8 15. Nd3
Qe8 16. Rc1 g5 17. g4 Ng7 18. h4 gxh4 19. Rxh4 Be7 20. Rh2 Qg8 21. Bd1 Ne8 22.
Bb3 b6 23. Ba4 Bg5 24. Bc6 Rb8 25. Ka1 Nef6 26. Rb1 Bb7 27. Nb4 a5 28. Nc2 Bxc6
29. dxc6 Nf8 30. Nd5 Ne8 31. Na3 Ne6 32. Nb5 Nd8 33. Bxb6 cxb6 34. c7 Nxc7 35.
Ndxc7 Rd7 36. Rbh1 Qxc4 37. Qxd6 Rxd6 38. Rxh7+ Kg8 39. Nxd6 Qf1+ 40. Rxf1 Kxh7
41. Rc1 1-0

[Event "4NCL 2017-18"]
[Site "England ENG"]
[Date "2018.05.05"]
[Round "9.82"]
[White "Cooper, John G"]
[Black "Richardson, John R"]
[Result "1-0"]
[WhiteTitle "IM"]
[BlackTitle "FM"]
[WhiteElo "2268"]
[BlackElo "2229"]
[WhiteTeam "West is Best"]
[BlackTeam "The ADs"]
[WhiteFideId "1800027"]
[BlackFideId "401617"]
[EventDate "2017.11.11"]

1. Nf3 d5 2. g3 Nf6 3. Bg2 e6 4. O-O c5 5. c4 dxc4 6. Na3 a6 7. Nxc4 b5 8. Nce5
Ra7 9. a4 b4 10. d4 a5 11. Bf4 Nd5 12. Nxf7 Rxf7 13. Bxb8 Ba6 14. Be5 c4 15. Bh3
Bc8 16. Rc1 c3 17. e4 Nb6 18. bxc3 bxc3 19. Rxc3 Bb4 20. Rxc8 Qxc8 21. Ng5 Re7
22. d5 Bc3 23. Nxe6 Qc4 24. d6 Rb7 25. Bxc3 Qxc3 26. Qh5+ g6 27. Qb5+ Kf7 28. d7
Rxd7 29. Ng5+ Kf6 30. Qxb6+ 1-0

[Event "4NCL 2017-18"]
[Site "England ENG"]
[Date "2018.05.05"]
[Round "9.83"]
[White "Swindells, Jonathan E"]
[Black "Toma, Katarzyna"]
[Result "1/2-1/2"]
[BlackTitle "WGM"]
[WhiteElo "2223"]
[BlackElo "2264"]
[WhiteTeam "The ADs"]
[BlackTeam "West is Best"]
[WhiteFideId "421863"]
[BlackFideId "1119907"]
[EventDate "2017.11.11"]

1. e4 c5 2. Nc3 Nc6 3. f4 g6 4. Nf3 Bg7 5. Bc4 e6 6. O-O Nge7 7. d3 O-O 8. a4 d5
9. Bb3 b6 10. Qe1 dxe4 11. dxe4 Ba6 12. Nb5 Bxb5 13. axb5 Nd4 14. Nxd4 Qxd4+ 15.
Kh1 Rfd8 16. Qe2 Qd7 17. c3 Qb7 18. Bc2 Rd7 19. Ra4 Rad8 20. h3 Kh8 21. f5 exf5
22. exf5 Nxf5 23. Bxf5 gxf5 24. Qh5 Rd6 25. Rh4 h6 26. Qxf5 Rg6 27. Rg4 Rdd6 28.
Qe4 Qd7 29. Rxg6 Rxg6 30. Qf5 Qxb5 31. Qxf7 Qc6 32. Qf3 Qxf3 33. Rxf3 Re6 34.
Kg1 Kg8 35. Kf2 a6 36. Rf5 Bf8 37. Be3 Be7 1/2-1/2

[Event "4NCL 2017-18"]
[Site "England ENG"]
[Date "2018.05.05"]
[Round "9.84"]
[White "Jones, Steven A"]
[Black "Wheeler, Darren P"]
[Result "1/2-1/2"]
[WhiteElo "2225"]
[BlackElo "2227"]
[WhiteTeam "West is Best"]
[BlackTeam "The ADs"]
[WhiteFideId "419630"]
[BlackFideId "410136"]
[EventDate "2017.11.11"]

1. Nf3 d5 2. c4 e6 3. g3 c5 4. Bg2 Nc6 5. cxd5 exd5 6. d4 Nf6 7. O-O Be7 8. Nc3
O-O 9. Bg5 Be6 10. dxc5 Bxc5 11. Rc1 Be7 12. Nd4 h6 13. Bf4 Qd7 14. Nxe6 fxe6
15. e4 d4 16. e5 dxc3 17. exf6 Qxd1 18. Rfxd1 Bxf6 19. bxc3 Rfd8 20. Be3 Kf7 21.
Rb1 Rxd1+ 22. Rxd1 Rd8 23. Rxd8 Nxd8 24. Bxa7 Bxc3 25. Bb6 Ke7 26. Bxd8+ Kxd8
27. Bxb7 Kc7 28. Bg2 Kd6 29. Kf1 Kc5 30. Ke2 Kd4 31. f4 e5 32. f5 e4 33. a4 Ke5
34. Bh3 Ba5 35. Bg4 Kd4 36. Bh5 Ke5 37. Bg6 Kd4 38. Be8 Ke5 39. Bd7 Bd8 40. g4
Kf4 41. h3 Ba5 42. Bc6 h5 43. Bd7 hxg4 44. hxg4 Bb4 45. Bc6 Ba5 46. Kd1 Kxg4 47.
Bxe4 Kf4 48. Bb1 Ke5 49. Ke2 Kd4 50. Kf3 Kc3 51. Be4 Kb4 52. Bc6 Bd8 53. Ke4 1/2-1/2

[Event "4NCL 2017-18"]
[Site "England ENG"]
[Date "2018.05.05"]
[Round "9.85"]
[White "Stewart, Ashley"]
[Black "Blackburn, Jonathan L B"]
[Result "0-1"]
[WhiteElo "2166"]
[BlackElo "2200"]
[WhiteTeam "The ADs"]
[BlackTeam "West is Best"]
[WhiteFideId "419001"]
[BlackFideId "1801090"]
[EventDate "2017.11.11"]

1. c4 Nf6 2. g3 g6 3. Bg2 Bg7 4. Nc3 d6 5. Nf3 O-O 6. O-O e5 7. d4 Nbd7 8. e4 a6
9. Re1 Rb8 10. h3 exd4 11. Nxd4 Ne5 12. b3 c5 13. Nc2 Nc6 14. Rb1 b5 15. Ne3 Nd4
16. Bb2 Re8 17. Qd3 Bd7 18. Ne2 Nxe2+ 19. Rxe2 Bc6 20. e5 Bxg2 21. exf6 Be4 22.
Qd1 Bxf6 23. Bxf6 Qxf6 24. Ng4 Qd8 25. f3 Bc6 26. Rxe8+ Bxe8 27. Qd2 h5 28. Ne3
Qg5 29. Kf2 bxc4 30. f4 Qf6 31. Nxc4 Rd8 32. Qb2 Qf5 33. Kg2 Bd7 34. Kg1 Qxh3
35. Qh2 Qxh2+ 36. Kxh2 Be6 37. Rd1 Bxc4 38. bxc4 Kf8 39. Kg2 Ke7 40. Rb1 d5 41.
cxd5 Rxd5 42. Rb7+ Rd7 43. Rb2 c4 44. Rc2 Rd4 45. Kf3 f5 46. Re2+ Kd6 47. Re8
Rd3+ 48. Kf2 Rd2+ 49. Ke3 c3 50. Rg8 Rh2 51. Kd4 c2 52. Rxg6+ Kc7 53. Rg7+ Kb6
54. Rg6+ Kb5 55. a4+ Kxa4 56. Rxa6+ Kb5 57. Ra1 Kb4 58. Ke5 Kb3 59. Kxf5 Kb2 60.
Re1 c1=Q 61. Rxc1 Kxc1 62. Kg6 Kd2 63. f5 Ke3 64. f6 Rf2 65. f7 Rf3 66. Kxh5
Rxf7 67. Kg6 Rf1 68. g4 Kf4 69. g5 Rg1 0-1

[Event "4NCL 2017-18"]
[Site "England ENG"]
[Date "2018.05.05"]
[Round "9.86"]
[White "Kett, Tim"]
[Black "Snape, Ian L"]
[Result "1-0"]
[WhiteElo "2215"]
[BlackElo "2155"]
[WhiteTeam "West is Best"]
[BlackTeam "The ADs"]
[WhiteFideId "1801210"]
[BlackFideId "404489"]
[EventDate "2017.11.11"]

1. d4 c5 2. d5 g6 3. e4 d6 4. Nc3 Bg7 5. f4 a6 6. Nf3 b5 7. Be2 b4 8. Nb1 Nf6 9.
Nbd2 O-O 10. O-O a5 11. Qe1 Na6 12. Qh4 Nc7 13. Bd3 Ba6 14. a3 Bxd3 15. cxd3
bxa3 16. Rxa3 Nb5 17. Ra1 a4 18. Nc4 Qc7 19. f5 Nd4 20. Bh6 Nxf3+ 21. Rxf3 Rfb8
22. Bxg7 Kxg7 23. Raf1 Qd8 24. g4 h6 25. fxg6 fxg6 26. g5 hxg5 27. Qxg5 Ra6 28.
Rg3 Qe8 29. Ne3 Qf7 30. Rh3 Qg8 31. Nf5+ Kf8 32. Nxe7 Kxe7 33. Rxf6 Kd7 34. Rxg6
Qd8 35. Rh7+ 1-0

[Event "4NCL 2017-18"]
[Site "England ENG"]
[Date "2018.05.05"]
[Round "9.87"]
[White "Duggan, John E"]
[Black "Rees, Ioan"]
[Result "1/2-1/2"]
[BlackTitle "FM"]
[WhiteElo "2118"]
[BlackElo "2278"]
[WhiteTeam "The ADs"]
[BlackTeam "West is Best"]
[WhiteFideId "423726"]
[BlackFideId "1801236"]
[EventDate "2017.11.11"]

1. d4 Nf6 2. Nf3 c5 3. c3 b6 4. dxc5 bxc5 5. e4 Bb7 6. e5 Nd5 7. Nbd2 e6 8. Ne4
f5 9. exf6 Nxf6 10. Ng3 Be7 11. Bd3 O-O 12. O-O Qc7 13. Qe2 Nc6 14. Bg5 Rae8 15.
Rad1 Nd8 16. Ne5 d6 17. Nc4 Nf7 18. Bxf6 Bxf6 19. Nh5 d5 20. Ne3 Ne5 21. Ng4
Nxg4 22. Qxg4 g6 23. Nxf6+ Rxf6 24. Qe2 e5 25. c4 d4 26. f3 Bc6 27. Rfe1 Rf4 28.
Qc2 Qf7 29. b3 Kg7 30. Re2 Qb7 31. Rde1 Kf6 32. Be4 Re7 33. Qd2 g5 34. g3 Rxf3 1/2-1/2

[Event "4NCL 2017-18"]
[Site "England ENG"]
[Date "2018.05.05"]
[Round "9.88"]
[White "Phillips, Roy"]
[Black "Bellin, Jana M"]
[Result "1-0"]
[WhiteTitle "FM"]
[BlackTitle "WGM"]
[WhiteElo "2170"]
[BlackElo "2046"]
[WhiteTeam "West is Best"]
[BlackTeam "The ADs"]
[WhiteFideId "404136"]
[BlackFideId "402168"]
[EventDate "2017.11.11"]

1. g3 c5 2. Bg2 Nc6 3. Nc3 g6 4. d3 Bg7 5. e4 d6 6. a3 e6 7. Nge2 Nge7 8. h4 h5
9. Bg5 a6 10. Qd2 Qc7 11. Rb1 Nd4 12. O-O Nec6 13. b4 cxb4 14. axb4 Bd7 15. Rfc1
O-O 16. Nxd4 Nxd4 17. Ne2 Nxe2+ 18. Qxe2 Rac8 19. c4 Rfe8 20. Bf4 Bd4 21. Be3
Bxe3 22. Qxe3 b6 23. d4 e5 24. d5 Rb8 25. Ra1 Rec8 26. Bf1 a5 27. c5 bxc5 28.
bxc5 dxc5 29. Ba6 Rd8 30. Rxc5 Qb6 31. Raxa5 Ra8 32. Qa3 Qb1+ 33. Rc1 Qxe4 34.
Bd3 Qxd5 35. Rxd5 Rxa3 36. Rc7 Rc8 37. Rcxd7 Rc1+ 38. Kg2 Re1 39. Bc4 e4 40. Re5
Rf3 41. Ree7 Rc1 42. Bxf7+ 1-0

[Event "4NCL 2017-18"]
[Site "England ENG"]
[Date "2018.05.06"]
[Round "10.11"]
[White "Cheparinov, Ivan"]
[Black "Speelman, Jon S"]
[Result "1-0"]
[WhiteTitle "GM"]
[BlackTitle "GM"]
[WhiteElo "2705"]
[BlackElo "2503"]
[WhiteTeam "Guildford"]
[BlackTeam "Wood Green"]
[WhiteFideId "2905540"]
[BlackFideId "400033"]
[EventDate "2017.11.11"]

1. e4 e6 2. d4 d5 3. Nc3 a6 4. Nf3 Nf6 5. e5 Nfd7 6. Ne2 c5 7. c3 Nc6 8. a3 c4
9. Nf4 Na5 10. Be3 Nb6 11. h4 Bd7 12. Rb1 h6 13. g3 Qe7 14. Bh3 O-O-O 15. h5 Qe8
16. O-O Be7 17. Nh2 Qg8 18. Qe2 Qh7 19. Rbc1 Nb3 20. Rcd1 Na4 21. Ng2 Kb8 22. f4
Bxa3 23. bxa3 Nxc3 24. Qb2 Nxd1 25. Rxd1 Rc8 26. Qc3 Rc6 27. Bf2 Rhc8 28. f5 Qg8
29. Ng4 Qf8 30. f6 Rb6 31. Be3 Ba4 32. Rf1 Rb5 33. Kh2 Na5 34. fxg7 Qxg7 35.
Nxh6 Rc7 36. Ng4 Nc6 37. h6 Qh8 38. Nf6 Rb3 39. Qc1 Ka7 40. Bg4 Ne7 41. Bd1 Rxe3
42. Qxe3 Bxd1 43. Rxd1 Nf5 44. Qf4 Nxh6 45. Kg1 Nf5 46. Nxd5 Nxg3 47. Nc3 Nf5
48. d5 Qh3 49. d6 Rd7 50. Ne4 Qxa3 51. Qf2+ Kb8 52. Nf6 Rd8 53. Qb6 1-0

[Event "4NCL 2017-18"]
[Site "England ENG"]
[Date "2018.05.06"]
[Round "10.12"]
[White "McDonald, Neil"]
[Black "Sadler, Matthew D"]
[Result "0-1"]
[WhiteTitle "GM"]
[BlackTitle "GM"]
[WhiteElo "2397"]
[BlackElo "2693"]
[WhiteTeam "Wood Green"]
[BlackTeam "Guildford"]
[WhiteFideId "400629"]
[BlackFideId "400173"]
[EventDate "2017.11.11"]

1. e4 e6 2. d4 d5 3. Nd2 Be7 4. Ngf3 Nf6 5. e5 Nfd7 6. Bd3 c5 7. c3 Nc6 8. O-O
g5 9. dxc5 Ndxe5 10. Nxe5 Nxe5 11. Nb3 Nxd3 12. Qxd3 f6 13. c4 a5 14. Be3 a4 15.
Nc1 O-O 16. b4 axb3 17. Nxb3 Ra4 18. cxd5 Qxd5 19. Qxd5 exd5 20. Rfd1 Rd8 21.
Rd4 Ra3 22. Rb4 Rd7 23. h4 Rc7 24. hxg5 fxg5 25. Bd4 Kf7 26. Rb6 Ra4 27. Bb2 Rc6
28. Rb5 Re6 29. Nd4 Re4 30. c6 bxc6 31. Nxc6 Bd7 32. Rb6 Bxc6 33. Rxc6 Re2 34.
Rb6 Bc5 35. Rb7+ Ke6 36. Rc1 Rc4 37. Rxc4 dxc4 38. Rb5 Kd6 39. Bg7 Kc6 40. Rb2
Bxf2+ 41. Kf1 Rxb2 42. Bxb2 Bg3 43. a4 g4 44. Ke2 h5 45. Ke3 Kd5 46. Bc3 Be5 47.
Be1 c3 48. Kd3 g3 49. Bxg3 Bxg3 50. Kxc3 Ke4 51. Kd2 Bf2 52. Ke2 Bc5 0-1

[Event "4NCL 2017-18"]
[Site "England ENG"]
[Date "2018.05.06"]
[Round "10.13"]
[White "Jones, Gawain C B"]
[Black "Fitzsimons, David"]
[Result "1-0"]
[WhiteTitle "GM"]
[BlackTitle "FM"]
[WhiteElo "2667"]
[BlackElo "2323"]
[WhiteTeam "Guildford"]
[BlackTeam "Wood Green"]
[WhiteFideId "409561"]
[BlackFideId "2501961"]
[EventDate "2017.11.11"]

1. e4 e6 2. d4 d5 3. Nd2 c5 4. Ngf3 cxd4 5. Nxd4 Nc6 6. Bb5 Bd7 7. Nxc6 bxc6 8.
Bd3 Bd6 9. Qe2 Ne7 10. Nf3 Ng6 11. e5 Bc7 12. O-O O-O 13. c4 Qe7 14. Re1 c5 15.
Qc2 Bc6 16. Bg5 Qd7 17. cxd5 Bxd5 18. Be4 h6 19. Bd2 Rfd8 20. Re2 Rab8 21. b3
Bxe4 22. Qxe4 Qd3 23. Be1 Nf4 24. Re3 Qxe4 25. Rxe4 Nd3 26. Bc3 Rd5 27. Kf1 Rb5
28. Rb1 a5 29. h4 c4 30. Rxc4 Bxe5 31. Nxe5 Nxe5 32. Rc8+ Kh7 33. Rc7 Kg8 34. a4
Rbc5 35. Rxc5 Rxc5 36. Bd4 Rd5 37. Be3 Kf8 38. b4 axb4 39. Rxb4 Ke7 40. Ke2 Kd6
41. h5 f5 42. Rd4 Nc6 43. Rxd5+ Kxd5 44. Kd3 Ne5+ 45. Kc3 Ng4 46. a5 e5 47. Kb4
Kc6 48. Kc4 Nf6 49. a6 f4 50. Bc5 Nxh5 51. Bd6 e4 52. Kd4 f3 53. g3 Nf6 54. Be5
Ng4 55. Kxe4 Nxf2+ 56. Kxf3 1-0

[Event "4NCL 2017-18"]
[Site "England ENG"]
[Date "2018.05.06"]
[Round "10.14"]
[White "Pein, Malcolm"]
[Black "Fressinet, Laurent"]
[Result "0-1"]
[WhiteTitle "IM"]
[BlackTitle "GM"]
[WhiteElo "2346"]
[BlackElo "2651"]
[WhiteTeam "Wood Green"]
[BlackTeam "Guildford"]
[WhiteFideId "400289"]
[BlackFideId "608742"]
[EventDate "2017.11.11"]

1. d4 Nf6 2. c4 e6 3. Nc3 Bb4 4. e3 O-O 5. Bd3 d5 6. Nf3 b6 7. cxd5 exd5 8. O-O
Ba6 9. Bxa6 Nxa6 10. Qa4 Qc8 11. Bd2 Re8 12. Rfc1 Bf8 13. Ne2 c5 14. dxc5 Nxc5
15. Qc2 Qb7 16. Bc3 Nfe4 17. b4 Ne6 18. Qb3 Rac8 19. Bb2 b5 20. Rxc8 Rxc8 21.
Rd1 Rc4 22. a3 Qc8 23. Ned4 Nxd4 24. Nxd4 a6 25. h3 h6 26. Nf3 Rc2 27. Qxd5 Nxf2
28. Rd2 Rxb2 29. Kxf2 Qc3 30. Rxb2 Qxb2+ 31. Kf1 Qxa3 32. Ne5 Qc1+ 33. Ke2 Qc2+
34. Kf1 Qf5+ 35. Ke2 Bxb4 36. Qd8+ Kh7 37. Qe8 Qe4 0-1

[Event "4NCL 2017-18"]
[Site "England ENG"]
[Date "2018.05.06"]
[Round "10.15"]
[White "Edouard, Romain"]
[Black "Houska, Jovanka"]
[Result "1-0"]
[WhiteTitle "GM"]
[BlackTitle "IM"]
[WhiteElo "2621"]
[BlackElo "2420"]
[WhiteTeam "Guildford"]
[BlackTeam "Wood Green"]
[WhiteFideId "633429"]
[BlackFideId "405094"]
[EventDate "2017.11.11"]

1. c4 e6 2. g3 d5 3. Bg2 Nf6 4. Nf3 dxc4 5. Qa4+ Bd7 6. Qxc4 c5 7. O-O Bc6 8.
Nc3 Nbd7 9. e4 Rc8 10. Qe2 Qb6 11. Rd1 Qa6 12. d3 Be7 13. a3 b6 14. Bf4 Qb7 15.
Re1 O-O 16. d4 Rfe8 17. Rad1 Bf8 18. dxc5 bxc5 19. Rb1 h6 20. Nd2 Red8 21. b3
Nb6 22. a4 Na8 23. Nc4 Qa6 24. Bf1 Nb6 25. Qf3 Nxc4 26. Bxc4 Qa5 27. Nb5 Be7 28.
Be5 Qb6 29. Qf4 Qb7 30. Bxf6 Bxf6 31. Nd6 Rxd6 32. Qxd6 Rd8 33. Qxc5 Bd4 34. Qa5
Bb6 35. Qa6 Qc7 36. Bf1 Bxe4 37. Rbc1 Qe5 38. Qe2 Qf5 39. Bh3 Qxh3 40. Qxe4 g6
41. Red1 Rxd1+ 42. Rxd1 Qh5 43. Rd7 e5 44. Kg2 a5 45. Qf3 Qxf3+ 46. Kxf3 Kf8 47.
Rb7 1-0

[Event "4NCL 2017-18"]
[Site "England ENG"]
[Date "2018.05.06"]
[Round "10.16"]
[White "Harvey, Marcus R"]
[Black "Pert, Nicholas"]
[Result "1/2-1/2"]
[WhiteTitle "FM"]
[BlackTitle "GM"]
[WhiteElo "2358"]
[BlackElo "2543"]
[WhiteTeam "Wood Green"]
[BlackTeam "Guildford"]
[WhiteFideId "400092"]
[BlackFideId "403989"]
[EventDate "2017.11.11"]

1. e4 c5 2. c3 Nf6 3. e5 Nd5 4. Nf3 d6 5. exd6 e6 6. Na3 Bxd6 7. Nc4 Be7 8. d4
Nd7 9. Ne3 Nxe3 10. Bxe3 O-O 11. Bd3 cxd4 12. Bxd4 Bc5 13. Bc2 Bxd4 14. Qxd4 e5
15. Qd6 Qb6 16. Qxb6 axb6 17. O-O f6 18. Rfd1 g6 19. Rd6 Kf7 20. Bb3+ Ke7 21.
Re6+ Kd8 22. Rd1 Ra6 23. g4 b5 24. g5 Rxe6 25. Bxe6 Ke7 26. Bxd7 Bxd7 27. gxf6+
Rxf6 28. Nxe5 Be6 29. Rd4 Rf5 30. f4 g5 31. Nd3 Bxa2 32. fxg5 Rxg5+ 33. Kf2 Bd5
34. Rh4 h5 35. Ke3 Kf6 36. Rf4+ Ke7 37. Kd4 Bc6 38. h4 Rg2 39. b4 b6 40. Ne5 Be8
41. Kd5 Rd2+ 42. Rd4 Rc2 43. Rd3 Rh2 44. Re3 Rd2+ 45. Nd3+ Kd7 46. Ke5 Rh2 47.
Re4 Rh3 48. Rd4+ Kc6 49. Kf6 Kb7 50. Kg5 Rg3+ 51. Kh6 Kc8 52. Rd6 Kc7 53. Rd4
Kc8 54. Rd6 Kc7 55. Rd4 1/2-1/2

[Event "4NCL 2017-18"]
[Site "England ENG"]
[Date "2018.05.06"]
[Round "10.17"]
[White "Le Roux, Jean-Pierre"]
[Black "Valdes Escobar, Alvaro"]
[Result "1/2-1/2"]
[WhiteTitle "GM"]
[BlackTitle "IM"]
[WhiteElo "2557"]
[BlackElo "2360"]
[WhiteTeam "Guildford"]
[BlackTeam "Wood Green"]
[WhiteFideId "609404"]
[BlackFideId "3405451"]
[EventDate "2017.11.11"]

1. e4 c5 2. Na3 e6 3. Nf3 Nc6 4. c3 d5 5. Bb5 Ne7 6. exd5 Qxd5 7. Nc4 Bd7 8. O-O
Rd8 9. Re1 Ng6 10. Ne3 Qd6 11. Nf5 Qd5 12. Ne3 Qd6 13. d4 cxd4 14. Nf5 Qd5 15.
N3xd4 Nxd4 16. Bxd7+ Rxd7 17. Nxd4 Bc5 18. Be3 O-O 19. Qb3 Rfd8 20. h3 1/2-1/2

[Event "4NCL 2017-18"]
[Site "England ENG"]
[Date "2018.05.06"]
[Round "10.18"]
[White "Weaving, Richard"]
[Black "Stefanova, Antoaneta"]
[Result "1/2-1/2"]
[WhiteTitle "FM"]
[BlackTitle "GM"]
[WhiteElo "2333"]
[BlackElo "2490"]
[WhiteTeam "Wood Green"]
[BlackTeam "Guildford"]
[WhiteFideId "401161"]
[BlackFideId "2902257"]
[EventDate "2017.11.11"]

1. e4 e5 2. Nf3 Nc6 3. Bb5 a6 4. Ba4 Nf6 5. Qe2 Bd6 6. c3 O-O 7. d3 Re8 8. Bg5
b5 9. Bc2 Be7 10. Nbd2 Nh5 11. Be3 g6 12. d4 exd4 13. Nxd4 Nxd4 14. cxd4 d5 15.
e5 c5 16. O-O cxd4 17. Bh6 Ra7 18. f4 d3 19. Bxd3 Bc5+ 20. Kh1 Qh4 21. Qe1 Qxe1
22. Raxe1 Bd4 23. b3 Bc3 24. Rd1 Bg4 25. Nf3 f6 26. Rc1 b4 27. g3 a5 28. Bb5 Rc8
29. Rcd1 fxe5 30. fxe5 Rc5 31. Bc4 Rd7 32. Ng5 Ng7 33. e6 Re7 34. Rxd5 Rxd5 35.
Bxd5 Nf5 36. Nf7 Bh3 37. Rd1 Nxh6 38. Nxh6+ Kg7 39. Nf7 Bxe6 40. Bxe6 Rxe6 41.
Ng5 Re2 42. Rd7+ Kh6 43. Nf7+ Kh5 44. h3 g5 45. Rd6 Bg7 46. Ra6 Rxa2 47. Nd6 g4
48. Nf5 gxh3 49. Nxg7+ Kg4 50. Rd6 Ra1+ 51. Kh2 Ra2+ 52. Kh1 Kxg3 53. Rd3+ Kg4
54. Ne6 a4 55. bxa4 Rxa4 56. Rb3 1/2-1/2